Probability and statistics with reliability, queuing, and computer science applications (Record no. 64065)

000 -LEADER
fixed length control field 00529nam a22001697a 4500
003 - CONTROL NUMBER IDENTIFIER
control field NUST - PNEC
005 - DATE AND TIME OF LATEST TRANSACTION
control field 20170116180832.0
008 - FIXED-LENGTH DATA ELEMENTS--GENERAL INFORMATION
fixed length control field 150801b xxu||||| |||| 00| 0 eng d
020 ## - INTERNATIONAL STANDARD BOOK NUMBER
International Standard Book Number 9814126136
040 ## - CATALOGING SOURCE
Transcribing agency LIBRARY
082 ## - DEWEY DECIMAL CLASSIFICATION NUMBER
Classification number 519.2 TRI
100 ## - MAIN ENTRY--PERSONAL NAME
9 (RLIN) 4706
Personal name Trivedi, Kishor Shridharbhai
245 ## - TITLE STATEMENT
Title Probability and statistics with reliability, queuing, and computer science applications
Statement of responsibility, etc. Trivedi, Shridharbhai Kishor
250 ## - EDITION STATEMENT
Edition statement 2th ed
650 ## - SUBJECT ADDED ENTRY--TOPICAL TERM
9 (RLIN) 4707
Topical term or geographic name entry element Probabilities--Data processing
General subdivision MS
942 ## - ADDED ENTRY ELEMENTS (KOHA)
Source of classification or shelving scheme
Koha item type Book
Holdings
Withdrawn status Lost status Source of classification or shelving scheme Damaged status Not for loan Permanent Location Current Location Shelving location Date acquired Total Checkouts Full call number Barcode Date last seen Price effective from Koha item type
          Pakistan Navy Engineering College (PNEC) Pakistan Navy Engineering College (PNEC)       519.2 TRI PNECLIB-026119 08/01/2015   Book
© 2023 Central Library, National University of Sciences and Technology. All Rights Reserved.